[Event "18th Delhi GM Open 2020"]
[Site "Delhi"]
[Date "2020.01.09"]
[Round "1.10"]
[White "Mchedlishvili, Mikheil"]
[Black "Liyanage, Ranindu Dilshan"]
[Result "1-0"]
[WhiteElo "2578"]
[BlackElo "2124"]
[Annotator "TA"]
[PlyCount "161"]
[EventDate "2020.01.09"]
[EventType "swiss"]
[EventCountry "IND"]
[SourceTitle "playchess.com"]
[Source "ChessBase"]
[SourceQuality "1"]

{[%evp 15,161,20,45,35,60,43,46,54,55,24,58,39,64,60,61,57,70,64,80,51,70,0,12,0,0,0,0,0,47,25,39,0,0,0,0,0,0,0,0,0,87,90,87,83,158,157,172,161,164,168,229,189,200,191,202,149,177,126,154,149,157,147,250,243,345,247,239,163,159,155,155,152,131,85,88,86,88,88,88,84,88,81,85,54,52,0,0,0,0,0,0,0,0,0,11,8,29,31,37,73,345,345,510,518,518,37,37,-29973,37,37,37,52,52,37,37,37,37,37,37,37,45,45,45,45,52,52,52,8,773,1058,1456,1456,1449,1449,1454,750,29979,1436,1379,1291,1391,1366,29983,29984,29984,29985,29985,29986]} 1. d4 d5 2. c4 e6 3. Nc3 Nf6 4. cxd5 exd5 5. Bg5 Be7 6. e3 c6 7. Bd3 Nbd7 8. Nge2 Ne4 9. Bf4 {D35: Queen's Gambit Declined: Exchange Variation} Nxc3 10. bxc3 Nf6 11. O-O {White is slightly better.} O-O 12. a4 $146 ({Predecessor:} 12. Qc2 Bd6 13. a4 Re8 14. a5 Bxf4 15. Nxf4 Re7 16. c4 dxc4 17. Bxc4 {½-½ (48) Peralta,F (2572)-Narciso Dublan,M (2529) Sitges 2015}) 12... Bd6 13. c4 Bxf4 14. Nxf4 dxc4 15. Bxc4 Qd6 16. Qb3 Rb8 17. h3 b5 18. Be2 (18. axb5 $14 cxb5 19. Be2) 18... b4 $11 19. Rfc1 Ne4 20. Bd3 Nc3 21. Qc2 f5 22. Ne2 b3 23. Qb2 Nxe2+ $1 24. Bxe2 f4 $1 25. Bc4+ Be6 26. Ra3 fxe3 27. fxe3 Kh8 (27... Bxc4 28. Rxc4 Qe6 29. Rc3 $16) (27... Rb4 $1 $11 28. Bxb3 Kh8) 28. Bxe6 $1 $16 Qxe6 29. Rc3 $1 Qf5 ({Black should play} 29... Rb4) 30. Raxb3 Qf1+ 31. Kh2 Rbe8 {Strongly threatening ...Rf2!} 32. Qc1 (32. Rxc6 $2 Rf2 $1 $19 {[%mdl 512]}) 32... Qe2 (32... Qf7 $142 33. Rb2 Qc7+ 34. Kg1 Qa5) 33. Rc2 (33. Rxc6 $2 Rf2 $1 $19 {[%mdl 512]}) 33... Qa6 34. Rxc6 Qxa4 35. Rbc3 Qa2 36. Qa3 ({White should try} 36. Ra3 $18 Qd5 37. Qc5 (37. Rxa7 Rf2 $16)) 36... Qf2 37. Qd6 h6 38. Qg3 Qf5 {[#]} (38... Qxg3+ $16 39. Kxg3 a5) 39. Rc7 $1 $18 {[%csl Gc7][%cal Rg3g7]} Rf7 (39... Rg8 {might work better.} 40. Rxa7 Qe4) 40. R3c5 Qf6 41. Rc8 Rxc8 42. Rxc8+ {[%mdl 4096] Endgame KQR-KQR} Kh7 43. Qb8 Re7 44. Rh8+ Kg6 45. Re8 Rxe8 46. Qxe8+ $16 {KQ-KQ} Kh7 47. Qe4+ Qg6 48. Qd5 Qg5 49. Qf3 (49. Qb3 {seems wilder.} a5 50. d5 Qe5+ 51. Kg1 Qd6 52. Qc2+) 49... a5 50. e4 (50. Qe4+ $14 Qg6 51. Qe5) 50... Qf6 $11 {Hoping for ...Qxf3.} 51. Qe3 Qg5 52. Qf3 Qf6 {...Qxf3 is the strong threat.} 53. Qe3 Qg5 54. Qf2 Qf6 55. Qd2 Qg5 56. Qc2 h5 57. e5+ Qg6 $2 {[%mdl 8192]} (57... Kg8 $16) 58. Qe2 $1 $18 {And now e6 would win.} a4 (58... Qf7 {is a better defense.} 59. Kh1 Kg8) 59. e6 {Threatens to win with e7.} a3 {intending ...h4.} 60. d5 $2 ({White must play} 60. e7 $18 a2 61. e8=Q (61. Qxa2 Qd6+ 62. g3 Qxe7 $16) 61... Qxe8 62. Qxe8) 60... h4 $14 61. Qe5 $2 {[%mdl 8192] [#]} (61. e7 $14 a2 62. Qe5 (62. Qxa2 Qg3+ 63. Kh1 Qe1+ {[%mdl 64] Double Attack} 64. Kh2 Qg3+ 65. Kh1 Qe1+ {[%mdl 64] Double Attack} 66. Kh2 Qg3+ $11)) 61... a2 $2 (61... Qg3+ $1 {[%mdl 512] mates} 62. Qxg3 hxg3+ 63. Kxg3 Kg6 64. Kf4 a2 65. Ke5 a1=Q+ 66. Kd6 Kf6 67. h4 Qa3+ 68. Kc6 Ke7 69. g4 Qd6+ 70. Kb5 Qxd5+ 71. Kb4 Qd4+ 72. Kb3 Kxe6 73. h5 Kd5 74. g5 Qd3+ 75. Kb4 Kd4 76. g6 Qc4+ 77. Ka3 Kc3 78. h6 Qb3#) 62. e7 a1=Q $1 {[%cal Ra1e5]} 63. Qxa1 Qd6+ 64. Kh1 Qxe7 65. Qd1 {aiming for d6.} Qd6 $1 66. Qh5+ Kg8 67. Qg5 Qb4 68. Qe5 Qc5 69. Kh2 {Black must now prevent Qe6+.} Kf8 70. Qf4+ Ke8 71. Qe4+ Kd7 $2 {[%mdl 8192]} (71... Qe7 $11 72. Qd4 Kd7) 72. Qxh4 $18 Qxd5 73. Qg4+ {[%mdl 64] Double Attack} Kd6 74. Qxg7 Qf5 75. Qd4+ Ke6 76. Qe3+ (76. Qg4 $142 Kf6 77. Qxf5+ Kxf5 78. Kg3 Kg6 79. h4 Kf5 80. Kf3 Kf6 81. g4) 76... Kd7 77. h4 Qh5 78. Qg5 Qxg5 79. hxg5 {White mates.} Ke6 80. Kg3 Kf5 81. Kh4 {Accuracy: White = 51%, Black = 39%.} 1-0

[Event "18th Delhi GM Open 2020"]
[Site "Delhi"]
[Date "2020.01.09"]
[Round "1.11"]
[White "Franco Valencia, Angela"]
[Black "Rozum, Ivan"]
[Result "0-1"]
[WhiteElo "2123"]
[BlackElo "2573"]
[Annotator "TA"]
[PlyCount "112"]
[EventDate "2020.01.09"]
[EventType "swiss"]
[EventCountry "IND"]
[SourceTitle "playchess.com"]
[Source "ChessBase"]
[SourceQuality "1"]

{[%evp 20,112,11,0,14,0,0,0,10,0,0,-9,-16,-14,-18,-64,-79,-69,-77,-72,-73,-71,-69,-64,-59,-77,-54,-102,-99,-95,-66,-106,-99,-138,-136,-137,-122,-133,-128,-128,-122,-134,-89,-95,-91,-92,-91,-91,-91,-80,-81,-91,-91,-91,-91,-138,-146,-145,-126,-192,-189,-181,-64,-64,-64,-66,-62,-69,-18,-18,-26,-507,-258,-310,-181,-2795,-623,-2422,-2270,-388,-333,-29969,-29970,-29972,-29973,-29973,-29974,-29975,-29976,-29977,-29978,-29979,-29980,-29983,-29983]} 1. e4 c5 2. Nf3 e6 3. d4 cxd4 4. Nxd4 a6 5. Nc3 Qc7 6. g3 Nf6 7. Bg2 d6 8. O-O Be7 9. Be3 O-O 10. f4 Nc6 11. Kh1 Nd7 {B80: Sicilian Scheveningen: 6 g3 and 6 Be3, including English Attack} (11... Rb8 12. Nb3 b5 13. a3 {½-½ (13) Guseinov,G (2664)-Alekseev,E (2639) St Petersburg 2018}) 12. Qe2 $146 ({Predecessor:} 12. Nb3 b5 13. a3 Nb6 14. g4 Nc4 15. Bc1 Re8 16. g5 Bb7 17. Rf3 Bf8 18. Rh3 g6 19. Qg4 {½-½ (36) Pavlovic,M (2482)-Shen,A (2227) Philadelphia 2013}) 12... Nxd4 13. Bxd4 b5 {The position is equal.} 14. a3 Bb7 15. f5 Bf6 16. Bxf6 Nxf6 17. e5 Bxg2+ 18. Qxg2 dxe5 19. fxe6 fxe6 20. Rae1 Rad8 21. Re2 Rf7 22. Rfe1 Rdf8 23. Ne4 Nxe4 24. Qxe4 Rf5 25. Qg2 Qc5 26. c3 Rf2 27. Rxf2 Rxf2 $17 {[%mdl 4096] Endgame KQR-KQR} 28. Qa8+ Qf8 29. Qxf8+ Kxf8 30. Rxe5 {KR-KR} Ke7 31. Rc5 Rxb2 32. Rc7+ Kf6 {Threatens to win with ...Ra2.} 33. Ra7 Rb3 34. Rxa6 Rxc3 35. Kg2 Rc2+ 36. Kg1 Rb2 37. Rb6 Rb3 38. Kg2 g5 39. h3 (39. h4 $17) 39... h5 $19 (39... Rxa3 40. Rxb5 Ra2+ 41. Kh1 $17) 40. Rb8 h4 ({Don't do} 40... Rxa3 41. Rxb5 Ra2+ 42. Kg1 $17) ({Black should play} 40... e5 $1 $19 41. Rf8+ Kg6) 41. gxh4 $1 $15 gxh4 42. Rh8 $1 Rg3+ 43. Kh2 Rxa3 (43... Kg5 $1 $15 44. Rg8+ Kf4 $1 {[%mdl 512]}) 44. Rxh4 $11 Rb3 {aiming for ...b4.} 45. Rh8 $2 {[%mdl 8192]} (45. Rf4+ $11 {and White has nothing to worry.} Kg5 46. Rf1) 45... b4 {[%cal Bb5b4,Bb4b3,Bb3b2][%mdl 32]} 46. Rf8+ Kg7 (46... Kg5 $142 47. Rg8+ Kf5) 47. Re8 $2 (47. Rf1) 47... Kf7 $1 $19 {[%cal Rf7e8]} 48. Rb8 {[#]} Rb1 $1 49. h4 b3 50. h5 $2 (50. Rb7+ $19 Kg6 51. Rb6) 50... b2 {Black mates.} 51. h6 Kg6 52. Rb6 Kh7 53. Kg2 {[#]} e5 $1 {[%cal Re5e4]} 54. Rb5 e4 55. Rb3 e3 {[%mdl 64] Promotion} 56. Rxe3 Rc1 {Accuracy: White = 41%, Black = 68%.} 0-1

[Event "18th Delhi GM Open 2020"]
[Site "Delhi"]
[Date "2020.01.09"]
[Round "1.12"]
[White "Bogdanovich, Stanislav"]
[Black "Deepak, Katiyar"]
[Result "1-0"]
[WhiteElo "2562"]
[BlackElo "2123"]
[Annotator "TA"]
[PlyCount "93"]
[EventDate "2020.01.09"]
[EventType "swiss"]
[EventCountry "IND"]
[SourceTitle "playchess.com"]
[Source "ChessBase"]
[SourceQuality "1"]

{[%evp 19,93,0,-1,-22,-20,-43,-31,-45,-25,-12,29,35,41,37,100,104,103,106,96,102,116,113,136,134,126,127,132,131,150,139,137,130,163,160,160,166,172,158,257,250,234,235,247,246,330,327,310,300,549,529,543,505,794,701,673,538,528,492,1504,1227,2253,2037,2362,880,29980,29981,29981,29982,29982,29983,29982,29983,29986,29987,29987,29988]} 1. d4 Nf6 2. c4 e6 3. Nf3 b6 4. a3 Bb7 5. Nc3 d5 6. cxd5 Nxd5 7. Qc2 Be7 8. e4 Nxc3 9. bxc3 O-O 10. Bd3 c5 11. Be3 {E12: Queen's Indian: Unusual White 4th moves, 4 a3, 4 Nc3 Bb7 5 a3 and 4 Nc3 Bb7} (11. O-O Qc7 12. Qe2 Nd7 13. Re1 Rfd8 14. Bb2 Rac8 15. Rad1 Nf8 16. g3 Bf6 17. h4 h6 18. e5 Be7 19. Nd2 cxd4 20. cxd4 f5 21. exf6 Bxf6 {½-½ (49) Nihal,S (2610)-Ivanchuk,V (2684) Leon 2019}) 11... Qc7 12. e5 h6 13. Qd2 $146 {Black is slightly better.} ({Predecessor:} 13. Be4 cxd4 14. Bxb7 Qxb7 15. cxd4 Na6 16. O-O Rac8 17. Qb3 Nc7 18. Rfc1 Nd5 {0-1 (29) Arias Sastre,A-Garcia Corada,P Valladolid 1983}) 13... cxd4 14. cxd4 Rc8 {[#]} 15. Bxh6 $1 {[%mdl 512]} Qc3 ({Don't blunder} 15... gxh6 $2 16. Qxh6 Qc3+ 17. Ke2 $18) 16. Ke2 $36 {[%mdl 2048] White is more active.} ({Reject} 16. Rc1 Qxd2+ 17. Bxd2 Rxc1+ 18. Bxc1 Bxf3 $15) 16... Ba6 ({Avoid the trap} 16... gxh6 $2 17. Qxh6 Bxf3+ 18. gxf3 $18) ({Black should play} 16... Qxd2+ $14 17. Bxd2 Nc6) 17. Rhc1 $16 Qxd3+ 18. Qxd3 Bxd3+ 19. Kxd3 Na6 20. Bg5 Bf8 21. Rxc8 Rxc8 22. Nd2 Rc6 23. Ne4 Nc7 24. a4 Nd5 25. Bd2 Bb4 26. Rc1 Rxc1 27. Bxc1 {[%mdl 4096] Endgame KBN-KBN} Kf8 28. h4 Ke8 (28... g6 $16 {keeps fighting.} 29. Bh6+ Kg8) 29. g4 $18 a6 30. Kc4 Be7 {[#]} 31. h5 $1 Nc7 32. Nd6+ Kf8 33. f4 f6 $2 (33... Bh4 {was called for.} 34. f5 Bf2) 34. f5 fxe5 35. dxe5 Bh4 (35... Kg8 $142 36. Be3 Nd5) 36. h6 Kg8 37. hxg7 Kxg7 38. f6+ Kg6 (38... Bxf6 $142 39. exf6+ Kxf6) 39. g5 b5+ 40. axb5 Nxb5 41. Kc5 (41. Nc8 $142) 41... Bg3 42. f7 {White mates.} Bxe5 43. f8=Q {[%csl Gc1,Gg5][%cal Rf8h6]} Bxd6+ {[#]} 44. Qxd6 $1 Nxd6 45. Kxd6 a5 46. Kxe6 a4 {[#]} 47. Ke5 $1 {Accuracy: White = 91%, Black = 34%.} 1-0

[Event "18th Delhi GM Open 2020"]
[Site "Delhi"]
[Date "2020.01.09"]
[Round "1.13"]
[White "Dhar, Rajib"]
[Black "David, Alberto"]
[Result "0-1"]
[WhiteElo "2121"]
[BlackElo "2562"]
[Annotator "TA"]
[PlyCount "88"]
[EventDate "2020.01.09"]
[EventType "swiss"]
[EventCountry "IND"]
[SourceTitle "playchess.com"]
[Source "ChessBase"]
[SourceQuality "1"]

{[%evp 27,88,0,0,-29,0,-14,0,-71,96,-122,70,49,87,86,114,100,104,95,82,60,56,46,59,47,45,27,16,0,0,0,0,-32,-42,-60,-53,-69,-78,-69,-64,-75,-45,-63,-36,-59,-55,-662,-660,-1315,-1308,-1277,-1248,-1159,-1136,-1121,-1103,-1034,0,-970,0,-1014,-939,-916,-809]} 1. e4 c6 2. c4 d5 3. cxd5 cxd5 4. exd5 Nf6 5. Nc3 Nxd5 6. Qb3 Nf6 7. Nf3 e6 8. d4 Be7 9. Bd3 Nc6 10. Be3 O-O 11. a3 b6 12. Rd1 Bb7 13. Qc2 Rc8 14. O-O Qd6 {[#]} 15. Ng5 $146 {[%cal Rd3h7] B22: Sicilian: 2 c3} ({Predecessor (2):} 15. h3 g6 16. Rfe1 Nd5 17. Nxd5 exd5 18. Qd2 Rfe8 19. Bf4 Qd7 20. Bb5 f6 21. Nh2 Bf8 22. Ng4 Bg7 23. Rxe8+ Rxe8 {0-1 (46) Glek,I (2590)-Tiviakov,S (2599) Bastia 2001}) 15... g6 {Threatens to win with ...Ng4.} (15... h6 {is more complex.} 16. Nge4 Qc7 17. f3 Rfd8 18. Qe2 Qd7) 16. Nge4 Qd8 17. Qe2 (17. Rfe1 $11) 17... Nxe4 $2 (17... Nxd4 $17 18. Bxd4 Qxd4) 18. Nxe4 $2 (18. Bxe4 $16 {is forced if you want to stay better.} Bd6 19. d5 exd5 20. Bxd5) 18... Qd5 $2 (18... Nxd4 $17 19. Bxd4 Qxd4) 19. Nc3 $1 $14 {[%cal Rc3d5]} Qd8 ({Much weaker is} 19... Nxd4 $6 20. Qg4 $16) 20. Be4 Na5 {Black wants to play ...Rxc3!} 21. Bxb7 Nxb7 {[#]} 22. d5 $1 {[%cal Rd5e6] And now dxe6 would win.} e5 23. Bh6 Re8 $1 24. Qxe5 {[%csl Gh6][%cal Re5g7]} Bf6 {[%mdl 64] Pin} 25. Qg3 Nd6 26. Bf4 Bxc3 $1 27. bxc3 Ne4 {[%mdl 64] Double Attack} 28. Qf3 Rxc3 29. Rd3 Qf6 {aiming for ...Rxd3.} 30. Re3 Rxe3 31. Qxe3 Qf5 32. Bh6 Qxd5 33. Re1 {Black must now prevent f3.} Re6 {Hoping for ...g5.} 34. Qc1 {White wants to mate with Qc8+.} Qc5 35. Qb2 {[%csl Gh6][%cal Rb2g7]} Nc3 $40 {[%cal Re6e1][%mdl 128] Black mounts an attack.} 36. Rd1 $2 {[%mdl 8192] [#]} (36. Rxe6 $15 fxe6 37. g3) 36... Qd4 $1 $19 {[%cal Rd4d1][%mdl 512]} 37. Rb1 (37. Rxd4 Re1#) 37... Re2 38. Qxe2 Nxe2+ 39. Kf1 {[#]} Qd3 $1 {( -> ...Nf4+)} 40. Re1 Nd4+ 41. Kg1 Ne2+ 42. Kf1 Nd4+ 43. Kg1 {[%cal Re1e8]} Ne6 44. Rc1 Qd7 {Accuracy: White = 37%, Black = 40%.} 0-1

[Event "18th Delhi GM Open 2020"]
[Site "Delhi"]
[Date "2020.01.09"]
[Round "1.14"]
[White "Fedorov, Alexei"]
[Black "Kumar, Gaurav"]
[Result "1-0"]
[WhiteElo "2562"]
[BlackElo "2120"]
[Annotator "TA"]
[PlyCount "131"]
[EventDate "2020.01.09"]
[EventType "swiss"]
[EventCountry "IND"]
[SourceTitle "playchess.com"]
[Source "ChessBase"]
[SourceQuality "1"]

{[%evp 21,131,37,31,20,48,34,50,52,49,54,74,59,109,114,154,66,84,81,97,118,173,163,206,205,227,212,218,212,217,196,158,140,121,131,192,198,200,145,137,145,127,91,403,208,178,203,198,168,372,34,43,44,39,45,76,83,83,82,122,117,115,104,98,86,183,218,217,205,207,154,243,242,242,227,227,227,227,175,183,118,149,140,512,485,527,502,502,502,501,403,1117,1106,584,318,5110,5106,5213,5123,29983,29984,29984,29985,29985,29986,29986,29987,29987,29988,29988,29989,29990,29991]} 1. e4 e5 2. Nf3 Nc6 3. Bb5 a6 4. Ba4 Nf6 5. O-O Be7 6. Re1 b5 7. Bb3 d6 8. c3 O-O 9. h3 Nb8 10. d4 Nbd7 11. c4 c6 12. Qc2 {C95: Closed Ruy Lopez: Breyer Variation with 10 d4} Qc7 13. Bg5 $146 ({Predecessor:} 13. Nc3 b4 14. Ne2 exd4 15. Nexd4 Nc5 16. Bf4 Nfd7 17. a3 Ne5 18. Bxe5 dxe5 19. axb4 Nxb3 20. Nxb3 Bxb4 {1-0 (74) Shirov,A (2673)-Beliavsky,A (2602) Baku 2016}) 13... bxc4 14. Bxc4 {White is slightly better.} exd4 15. Nxd4 Ne5 16. Nd2 {[%cal Bb1d2,Bd2c4,Bc4e3,Be3f5][%mdl 32]} Nxc4 17. Nxc4 ({But not} 17. Qxc4 $6 Bd7 $11) 17... c5 18. Ne2 (18. Ne3 $1 $16) 18... Re8 19. Rad1 Rd8 20. Nc3 {And now Bxf6 would win.} Bb7 (20... Be6 $16 21. Nd5 Bxd5 22. exd5 Rf8) 21. Ne3 $18 Re8 22. Nf5 Rad8 23. Qd2 Bc6 24. Qf4 Kh8 25. Nxe7 Qxe7 26. Re3 {aiming for Rf3.} Qe5 27. Qh4 {Rf3 is the strong threat.} h6 (27... Rd7 $16 28. f3 c4) 28. f4 Qe6 29. Rg3 {Black must now prevent Bxh6!} Kh7 30. f5 Qe7 31. Re1 h5 $2 {[%mdl 8192]} (31... Rb8 $16) 32. Bxf6 (32. Ree3 $142 {Hoping for Nd5!} Qe5 33. Bxf6 Qxf6 34. Rg5) 32... Qxf6 33. Qxh5+ Kg8 34. Ree3 d5 $2 (34... Re5 {was called for.} 35. Rg4 Kf8) 35. exd5 $2 (35. Rg4 $18) 35... Rxe3 $14 36. Rxe3 Qd4 37. Qf3 Bxd5 38. Nxd5 Rxd5 {[%mdl 4096] Endgame KQR-KQR} 39. Kh2 {White threatens Re8+ and mate.} Re5 40. Rd3 Qh4 41. Rd6 Qg5 42. Rxa6 Re3 (42... Rxf5 $16 {is a better defense.} 43. Qg3 Qd8) 43. Ra8+ $18 Kh7 44. Qg4 Qxg4 45. hxg4 {KR-KR} f6 (45... Kh6 $16 {was worth a try.} 46. Ra7 f6) 46. Rc8 Re2 47. b3 ({Don't play} 47. Rxc5 Rxb2 48. Ra5 Kh6) 47... Rxa2 48. Rxc5 Kh6 49. Rc7 Rd2 50. Rc4 (50. Rb7 $1 $18) 50... Kg5 51. b4 $1 Rb2 $2 {[%mdl 8192]} (51... Kh4 $16) 52. Kg3 Rb3+ 53. Kf2 g6 54. fxg6 Kxg6 55. Ke2 Kg5 (55... f5 $142 56. gxf5+ Kxf5 57. g4+ Ke6) 56. Kd2 Rg3 57. Kc1 Kh4 $2 (57... f5 58. gxf5 Kxf5) 58. Kb2 Rxg2+ 59. Ka3 Rxg4 60. Rxg4+ {White mates.} Kxg4 {KP-KP} 61. b5 f5 {[#]} 62. b6 $1 f4 63. b7 f3 {[#]} 64. b8=Q $1 f2 65. Qb1 Kg3 66. Qf1 {Accuracy: White = 62%, Black = 28%.} 1-0

[Event "18th Delhi GM Open 2020"]
[Site "Delhi"]
[Date "2020.01.09"]
[Round "1.15"]
[White "Bakshi, Rutuja"]
[Black "Lalith Babu M R"]
[Result "0-1"]
[WhiteElo "2118"]
[BlackElo "2558"]
[Annotator "TA"]
[PlyCount "90"]
[EventDate "2020.01.09"]
[EventType "swiss"]
[EventCountry "IND"]
[SourceTitle "playchess.com"]
[Source "ChessBase"]
[SourceQuality "1"]

{[%evp 18,90,39,44,37,3,46,8,14,1,19,0,0,0,0,0,0,-8,-20,-23,-23,-26,-16,-15,-15,-29,0,0,0,-29,0,0,0,0,0,0,0,0,0,0,0,-6,-6,-6,-6,-7,-2,-6,-6,-38,0,-83,-39,-294,-294,-295,-82,-289,-16,-357,0,-277,0,-296,-296,-298,-295,-288,-287,-29972,-29973,-29973,-29974,-5302,-5285]} 1. Nf3 Nf6 2. c4 c5 3. g3 b6 4. Bg2 Bb7 5. O-O g6 6. Nc3 Bg7 7. d4 cxd4 8. Nxd4 Bxg2 9. Kxg2 Qc8 10. b3 Qb7+ {A30: Symmetrical English: Double Fianchetto and Hedgehog} 11. Kg1 (11. f3 Nc6 12. Nc2 O-O 13. e4 a6 14. a4 d6 15. Bb2 Rfd8 16. Rb1 e6 17. Ne3 Nd7 18. Rf2 Nc5 19. Rd2 Bh6 20. Re2 Bg7 21. Rd2 Bh6 22. Re2 Bg7 23. Rd2 {½-½ (23) Banusz,T (2607)-Almasi,Z (2699) Ajka 2018}) 11... h5 12. h4 Nc6 {The position is equal.} 13. Bb2 O-O 14. Nxc6 $146 ({Predecessor:} 14. Rb1 Ne5 15. Re1 d5 16. cxd5 Nxd5 17. e4 Nb4 18. Re2 {0-1 (27) Berendsen,M (2123)-Rohde,W (2198) Berlin 2008}) 14... dxc6 15. Qc2 Qd7 {aiming for ...Qh3.} 16. Kg2 Qe6 17. f3 b5 18. cxb5 cxb5 19. e4 ({Not} 19. Nxb5 $2 Nd5 $19) 19... Rac8 20. Qe2 b4 21. Nd1 {[%cal Bc3d1,Bd1e3,Be3c4][%mdl 32]} Bh6 22. Bxf6 exf6 23. Ne3 f5 (23... Bxe3 $5 24. Qxe3 a5 $15) 24. Nc4 fxe4 25. Qxe4 Qa6 26. Qc2 Bg7 27. Rad1 Rfe8 28. Rfe1 Qc6 29. Rxe8+ Rxe8 30. Rd6 Qc7 31. Rd2 Re1 32. Rd1 $132 {[%mdl 2048] White puts up resistance} Re6 33. Qd2 Qc5 (33... Bc3 $5 {[%cal Rc3d2]} 34. Qd3 Qe7 $15) 34. Qf2 (34. Nd6 $11) 34... Qe7 $1 $17 {White must now prevent ...Re2.} 35. Rd2 $2 {[%mdl 8192] [#]} ({White must play} 35. Kf1 $1 $15) 35... Bc3 $1 $19 {[%cal Rc3d2]} 36. Rc2 Re1 $2 (36... Be1 $19 {and Black stays clearly on top.} 37. Qf1 g5) 37. Nb2 $2 (37. Kh2 $17) 37... Ra1 $2 (37... Qd7 $19 {Hoping for ...Ra1.} 38. Na4 Qd1 39. Rxc3 bxc3 40. Nxc3 Qc1) 38. Na4 $2 {[%mdl 8192]} (38. Nd3 $1 $11 {and White stays safe.}) 38... Re1 39. Nb2 $1 Re6 40. Nc4 Be1 41. Qf1 {[#]} g5 $1 42. hxg5 Qxg5 43. g4 $2 (43. Re2 $19 Rxe2+ 44. Qxe2 Bxg3 45. Kf1) 43... hxg4 44. fxg4 Qxg4+ 45. Kh1 Bg3 {Accuracy: White = 38%, Black = 55%.} 0-1

[Event "18th Delhi GM Open 2020"]
[Site "Delhi"]
[Date "2020.01.09"]
[Round "1.16"]
[White "Ghosh, Diptayan"]
[Black "Bommini Mounika Akshaya"]
[Result "1-0"]
[WhiteElo "2550"]
[BlackElo "2113"]
[Annotator "TA"]
[PlyCount "43"]
[EventDate "2020.01.09"]
[EventType "swiss"]
[EventCountry "IND"]
[SourceTitle "playchess.com"]
[Source "ChessBase"]
[SourceQuality "1"]

{[%evp 9,43,39,37,32,27,35,35,41,26,44,38,20,20,35,33,52,85,79,149,146,450,452,441,288,570,543,552,552,552,532,614,646,756,754,722,716]} 1. d4 d5 2. c4 c6 3. Nc3 Nf6 4. e3 a6 5. Nf3 Bf5 6. Ne5 {D15: Slav Defence: 4 Nc3 a6 and gambit lines after 4 Nc3 dxc4} (6. Bd2 e6 7. Nh4 Be4 8. f3 Bg6 9. Nxg6 hxg6 10. Qb3 b5 11. cxd5 cxd5 12. Rc1 Bd6 13. a4 b4 {½-½ (47) Ding,L (2811)-Shankland,S (2705) chess.com INT 2019}) 6... Nbd7 7. Qb3 {[%cal Rc4d5]} Qc7 8. cxd5 {White is slightly better.} Nxe5 9. dxe5 Nxd5 10. Bc4 {aiming for e4.} O-O-O $146 ({Predecessor:} 10... e6 11. e4 Nxc3 12. exf5 Nd5 13. Bxd5 cxd5 {0-1 (34) Ganguly,S (2658)-Fedoseev,V (2664) Khanty-Mansiysk 2019}) 11. Bxd5 cxd5 12. e4 Qxe5 13. O-O {[%cal Rc3d5]} dxe4 {[#]} (13... Bxe4 $142 14. g3 (14. Nxe4 Qxe4 15. Qb6 Qe6 $11) 14... Bf3) 14. Be3 $1 $16 {Strongly threatening Rac1.} e6 $2 {[%mdl 8192]} (14... Be6 $16 {is tougher.} 15. Qc2 Qc7) 15. Rac1 $18 Bd6 {[%csl Gd6][%cal Re5h2]} 16. g3 {Na4+ is the strong threat.} Bc7 $2 (16... Qa5 17. Bb6 {[%mdl 64] Double Attack} Qe5) 17. Bf4 {White is clearly winning.} Qa5 {[#] And now ...Bxf4 would win.} 18. Na4 {White threatens Nb6+ and mate.} e5 19. Rc5 Be6 20. Qc2 Qxc5 21. Qxc5 exf4 22. Rc1 {Accuracy: White = 83%, Black = 30%.} 1-0

[Event "18th Delhi GM Open 2020"]
[Site "Delhi"]
[Date "2020.01.09"]
[Round "1.17"]
[White "Bhavesh Mahajan"]
[Black "Tukhaev, Adam"]
[Result "0-1"]
[WhiteElo "2101"]
[BlackElo "2548"]
[Annotator "TA"]
[PlyCount "86"]
[EventDate "2020.01.09"]
[EventType "swiss"]
[EventCountry "IND"]
[SourceTitle "playchess.com"]
[Source "ChessBase"]
[SourceQuality "1"]

{[%evp 14,86,47,23,64,43,68,50,54,45,70,60,50,44,78,75,89,29,65,53,99,106,81,85,103,112,103,50,94,82,95,39,103,11,132,42,35,14,5,8,7,-63,-66,-50,-67,-60,-59,-161,-85,-85,-43,-166,-169,-166,-166,-203,-202,-216,-177,-227,-234,-354,-268,-266,-256,-324,-312,-282,-230,-453,-441,-410,-337,-2923,-2508]} 1. e4 c5 2. Nf3 Nc6 3. d4 cxd4 4. Nxd4 Qb6 5. Nb3 Nf6 6. Nc3 e6 7. Be3 Qc7 8. Bd3 (8. a3 {feels hotter.} Be7 9. f4 O-O 10. Bd3 a6 11. O-O) 8... h5 {B33: Sicilian: Pelikan and Sveshnikov Variations} 9. h3 a6 10. f4 d6 $146 {White is slightly better.} ({Predecessor:} 10... b5 11. O-O Bb7 12. Nc5 Qb6 13. Nxb7 Qxe3+ 14. Kh1 Ng4 15. Qe1 Rb8 16. Nd5 Qxe1 17. Raxe1 Rxb7 18. hxg4 hxg4+ 19. Kg1 exd5 20. exd5+ Kd8 21. dxc6 Bc5+ 22. Rf2 g3 {0-1 (22) Neiksans,A (2503)-Polgar,J (2686) Warsaw 2010}) 11. a4 b6 12. Qe2 Be7 13. O-O h4 14. Qf2 Rb8 15. Rfe1 (15. f5 $16) 15... Nh5 16. Ne2 g6 17. c3 e5 18. Nd2 b5 19. axb5 axb5 20. b4 ({White should try} 20. Rf1 $16) 20... Bf6 21. Rac1 Qe7 22. Nf3 ({Better is} 22. f5 $16) 22... O-O {[#]} (22... exf4 $14 23. Nxf4 Nxf4 24. Bxf4 Ne5 25. Nxe5 Bxe5) 23. Bb1 (23. f5 $1 $16) 23... Kg7 {[#]} (23... Nxf4 $11 24. Nxf4 exf4 25. Bxf4 Ne5) 24. fxe5 (24. f5 $1 $16) 24... Nxe5 $14 25. Ned4 {aiming for Nxe5.} Bd7 26. Qd2 Rh8 27. Bg5 ({White should play} 27. Ba2 $11) 27... Bxg5 $15 28. Qxg5 Qxg5 29. Nxg5 Ra8 30. Ndf3 ({Only move:} 30. Red1 $1 $15) 30... Nf4 (30... f6 $19 31. Nxe5 dxe5) 31. Rcd1 $17 {Black must now prevent Nxe5.} Be8 32. Nxe5 (32. Nd4 $1 $15) 32... dxe5 $19 33. Nf3 f6 34. Kf2 Ra3 35. Re3 g5 36. Ne1 Bf7 37. Nc2 (37. Bd3 {keeps fighting.} Rd8 38. Be2 Rxd1 39. Bxd1) 37... Ra7 38. Ne1 Rc8 39. Rc1 Bc4 40. Rd1 Rac7 41. Rc1 $2 (41. Rd2) 41... Rd8 42. Nf3 Rcd7 43. Rc2 $2 (43. Ree1) 43... Rd1 {Accuracy: White = 17%, Black = 40%.} 0-1